000 00661nam a22001817a 4500
003 UA-OsUOA
001 15400
007 ta
008 20031110b un ||||| |||| 00| 0 ukr d
100 _aПридюк А.
942 _cSA
040 _aUA-OsUOA
_cUA-OsUOA
_dUA-OsUOA
245 _aРозв'язати Чорнобильські проблемии непросто: [Про проблеми в Дубровиц. р-ні . які пов'язані з Чорнобил. трагедією]
300 _aС.3
955 _a0
773 0 _w0
_tВільне слово
_dРівне
_d2003
_g№53/9 лип./
650 7 _aКраєзнавча робота
_2UDC
999 _c301565
_d301565